|
|
|
|
| LEADER |
00000naa a2200000uu 4500 |
| 001 |
vtls010956518 |
| 003 |
SK-MaSNL |
| 005 |
20260316130049.0 |
| 008 |
210905|2007 xo |||||||||||||||||slo| |
| 015 |
|
|
|a SNBRA
|
| 035 |
|
|
|a (urnnbn)urn:nbn:sk:snk:ar-a0bo2r
|
| 035 |
|
|
|a (uuid)c532339e-4f71-449d-975b-137752116bc5
|
| 035 |
|
|
|a urn:nbn:sk:snk-aaufze
|
| 040 |
|
|
|a SNKBUCL
|b slo
|c SNKBUCL
|e AACR2
|
| 041 |
0 |
|
|a slo
|
| 044 |
|
|
|a xo
|c SK
|
| 100 |
1 |
|
|a Kladivík, Eugen,
|d 1939-
|4 aut
|9 1634851
|
| 245 |
1 |
0 |
|a ŽELEZORUDNÝ ZÁVOD RIMAMURÁNSKO-ŠALGÓTARJÁNSKEJ ŽELEZIARSKEJ ÚČASTINNEJ SPOLOČNOSTI V ŽELEZNÍKU
|c Eugen Kladivík
|
| 773 |
0 |
|
|t 520. výročie založenia Zväzu hornouhorských banských miest
|d Rožňava : Gemerský banský spolok Bratstvo, 2007
|g S. 59-68
|z 9788089168255
|
| 958 |
|
|
|a OND
|
| 958 |
|
|
|a article11
|
| 958 |
|
|
|a chapter
|
| 999 |
|
|
|c 1297204
|d 1299134
|